|
|
|
|
| LEADER |
02329nam a2200385 u 4500 |
| 001 |
10088219 |
| 003 |
upatras |
| 005 |
20250402104642.0 |
| 008 |
101208s2007 gr gre |
| 020 |
|
|
|a 9789604552269
|
| 040 |
|
|
|a GR-PaULI
|b gre
|c GR-PaULI
|e AACR2
|
| 041 |
1 |
|
|a gre
|h eng
|
| 082 |
0 |
4 |
|2 23
|a 374
|
| 100 |
1 |
|
|a Mezirow, Jack,
|d 1923-
|e συγγραφέας
|9 42091
|
| 245 |
1 |
2 |
|a Η μετασχηματίζουσα μάθηση /
|c Jack Mezirow και συνεργάτες ; επιστημονική επιμέλεια Αλέξης Κόκκος
|c ; μετάφραση Γιώργος Κουλαουζίδης.
|
| 260 |
|
|
|a Αθήνα :
|b Μεταίχμιο,
|c 2007.
|
| 300 |
|
|
|a 351 σ. ;
|c 24 εκ.
|
| 490 |
1 |
|
|a Εκπαίδευση ενηλίκων
|
| 500 |
|
|
|a Τίτλος πρωτοτύπου: Learning as tranformation: critical perspectives on a theory in progress.
|
| 504 |
|
|
|a Περιέχει βιβλιογραφικές παραπομπές και γλωσσάριο.
|
| 650 |
|
4 |
|a Εκπαίδευση ενηλίκων
|9 1292
|
| 650 |
|
4 |
|a Εκπαίδευση ενηλίκων
|x Μεθοδολογία
|9 134251
|
| 700 |
1 |
|
|a Κόκκος, Αλέξης,
|d 1950-
|e επιμελητής
|9 39857
|
| 700 |
1 |
|
|a Κουλαουζίδης, Γιώργος
|e μεταφραστής
|9 91091
|
| 765 |
|
|
|i Μετάφραση του:
|t Learning as tranformation: critical perspectives on a theory in progress.
|
| 830 |
|
0 |
|a Εκπαίδευση ενηλίκων (Μεταίχμιο)
|9 168511
|
| 852 |
|
|
|a GR-PaULI
|b ΠΑΤΡΑ
|b ΒΚΠ
|b ΒΣ1
|k ΑΣΧΞ
|h 374 ΜΕΖ
|m 104667
|p 025000190204
|t 1
|
| 852 |
|
|
|a GR-PaULI
|b ΠΑΤΡΑ
|b ΠΤΔΕ
|k ΑΣΧΕ
|h 374 ΜΕΖ
|m 10913
|p 025000193659
|t 2
|
| 942 |
|
|
|2 ddc
|c BK15
|
| 952 |
|
|
|0 0
|1 0
|4 0
|6 374_000000000000000_ΜΕΖ
|7 0
|9 95008
|a LISP
|b LISP
|c BSC
|d 2016-04-24
|i 104667
|l 8
|m 1
|o 374 ΜΕΖ
|p 025000190204
|r 2023-01-16 00:00:00
|s 2023-01-16
|t 1
|w 2016-04-24
|y BK15
|
| 952 |
|
|
|0 0
|1 0
|2 ddc
|4 0
|6 374_000000000000000_ΜΕΖ
|7 0
|9 95009
|a PTDE
|b PTDE
|d 2016-04-24
|i 10913α
|l 0
|o 374 ΜΕΖ
|p 025000193659
|r 2016-04-24 00:00:00
|t 2
|w 2016-04-24
|y BK15
|
| 952 |
|
|
|0 0
|1 0
|2 ddc
|4 0
|6 374_000000000000000_MEZ
|7 0
|9 353576
|a PTDE
|b PTDE
|d 2021-12-16
|i 10913β
|l 0
|o 374 MEZ
|p 025000212975
|r 2021-12-16 00:00:00
|t 3
|w 2021-12-16
|y BK15
|
| 998 |
|
|
|c ΣΑΤΛΑΝΗΣ
|d 2010-12
|
| 998 |
|
|
|c ΤΣΕΝΕ
|d 2023-09
|
| 999 |
|
|
|c 63959
|d 63959
|